00828nam a22002057a 4500003000900000008004100009020001800050040007100068082001600139100002100155245007400176260003000250300002600280505019600306650001400502650001400516650001300530700003000543700004900573AR-CdUCM190311b ||||| |||| 00| 0 spa d a84-206-2162-5 aMUNICIPALIDAD PROVINCIAL DEL CUSCOcBIBLIOTECA MUNICIPAL DEL CUSCO a193 / bM68 aMitzman, Arthur. aLa jaula de hierro :bUna interpretación histórica de Max Weber / aMadrid :bAlianza,c1976. a288 paginas ;c20 cm. aLa generación burguesa tardía -- Antecedentes familiares de Weber y juventud (1864-1892) -- Orestes y las furias -- La recuperación: el yugo de la historia -- Ascetismo y misticismo... aMax Weber aFilosofos aEspaña aSanchéz Pascual, Angel  aCastro Lobera, Maria Dolores (Traductores )